Memorial for the United Incorporations of Mary's Chapel, and for Alexander Miller Glazier, deacon, duly elected by them, of the Incorporation of Masons, pursuers, against Alexander Nicolson, the pretended deacon of the said incorporation, and the magistrates and town-council of Edinburgh, and others, defenders.

Bibliographic Details
Main Author: Dreghorn, John Maclaurin, Lord, 1734-1796
Corporate Author: Gale (Firm)
Format: eBook
Language:English
Published: [Edinburgh] : [publisher not identified], [1764]
Subjects:
Online Access:Connect to the full text of this electronic book

MARC

Tag First Indicator Second Indicator Subfields
LEADER 00000cam a2200000 4500
001 in00003828913
005 20190415184012.0
006 m o d
007 cr |n||||||||n
008 781208s1764 stk|||| o 00||||eng c
035 |a (CU-RivES)T10041 
035 |a (Uk-ES)006209663 
035 |a (OCoLC)508444105 
040 |a Uk-ES  |c Uk-ES  |d CStRLIN  |d Cengage Gale  |d UtOrBLW 
100 1 |a Dreghorn, John Maclaurin,  |c Lord,  |d 1734-1796.  |0 http://id.loc.gov/authorities/names/n85089590 
245 1 0 |a Memorial for the United Incorporations of Mary's Chapel, and for Alexander Miller Glazier, deacon, duly elected by them, of the Incorporation of Masons, pursuers, against Alexander Nicolson, the pretended deacon of the said incorporation, and the magistrates and town-council of Edinburgh, and others, defenders. 
264 1 |a [Edinburgh] :  |b [publisher not identified],  |c [1764] 
300 |a 1 online resource (47, 1 unnumbered pages)  
336 |a text  |b txt  |2 rdacontent 
337 |a computer  |b c  |2 rdamedia 
338 |a online resource  |b cr  |2 rdacarrier 
500 |a Signed at end: Jo. MacLaurinches 
500 |a Drop-head title, headed: February 10, 1764. 
500 |a On Edinburgh municipal politics. 
509 |a NACO HTC. 
510 4 |a English Short Title Catalog,  |c T10041. 
500 |a Reproduction of original from British Library. 
500 |a Electronic resource. 
600 1 0 |a [Glazier Alexander Miller]  |v Trials, litigation, etc.  |v Early works to 1800. 
600 1 0 |a Nicolson, Alexander  |v Trials, litigation, etc.  |v Early works to 1800. 
650 0 |a Payments  |z Scotland  |v Early works to 1800. 
655 7 |a Electronic books.  |2 local 
710 2 |a Gale (Firm)  |0 http://id.loc.gov/authorities/names/no2008071348 
752 |a Great Britain  |b Scotland  |d Edinburgh. 
856 4 0 |u http://proxy.library.tamu.edu/login?url=http://find.galegroup.com/ecco/infomark.do?contentSet=ECCOArticles&docType=ECCOArticles&bookId=1671000300&type=getFullCitation&tabID=T001&prodId=ECCO&docLevel=TEXT_GRAPHICS&version=1.0&source=library&userGroupName=txshracd2898  |z Connect to the full text of this electronic book  |t 0 
999 f f |s 0fecc297-6019-302d-9595-42268209b859  |i cdc65deb-94a2-377b-9b1b-9ecbda3f92a3  |t 0 
952 f f |a Texas A&M University  |b College Station  |c Electronic Resources  |d Available Online  |t 0  |h No information provided 
998 f f |t 0  |l Available Online